Culture Générale - Série 2693 - Statistiques

Statistiques générales
  • Ce quiz a été pris 122 fois
  • Le résultat moyen est 5 sur 10
Statistiques - réponses
Question Réponse % Correct
Quel pays a remporté la coupe du monde de football en 1958,1962, 1970,1994 et 2002 ? Brésil
96%
Avant 1997, comment s'appelait la République démocratique du Congo ? Zaïre
82%
Châtiment qui consiste à infliger au coupable le traitement qu'il a fait subir à autrui - oeil pour oeil dent pour dent : c'est la loi du ... talion
65%
Quel est le nom de la pathologie qui entraîne un battement trop rapide du coeur ? tachycardie
58%
Quel nom portait la Thaïlande jusqu'en 1939 ? Siam
56%
Quelle est la capitale du Ghana ? Accra
49%
Comment nomme-t-on le processus d'élection du pape ? conclave
47%
Mot anglais qui désigne toute commande écrite envoyée à une « intelligence artificielle » spécialisée dans la génération de contenu, comme du texte ou des images prompt
27%
Peau rejetée par un animal lors de la mue (exemple : serpent) - 6 lettres commençant par " e " exuvie
5%
Femme de chambre dans un sérail turc, au service des dames de la cour de la maison du sultan ottoman odalisque
4%
Aucun quiz correspondant
Distribution des résultats
% des personnes avec chaque résultat
Percentile par nombre de réponses
Votre historique - résultats
Vous n’avez pas pris ce quiz